Zgadnij co to za postać z Miraculous | Część #12 - Statystyki

Ogólne statystyki
  • Ten quiz został rozwiązany 32 razy
  • Średni wynik to 11 z 17
Statystyki odpowiedzi
Obrazkowy Odpowiedź % Poprawnych
Sapotiki
95%
Królowa Stylu
86%
Piaskowy Chłopiec
86%
Królowa Os
82%
Mroczna Sowa
73%
Syrena
73%
Zombuziara
73%
Anansi
68%
Kapitan Hardrock
64%
Melobestia
64%
Befana
59%
Rewersor
59%
Mikołajdak
55%
Asystura
50%
Goridzilla
50%
Mrożyciel
50%
Dyktatyran
41%
Nie znaleziono quizów pasujących do podanych kryteriów
Rozkład punktacji
Procent ludzi z każdym wynikiem
Percentyl według liczby udzielonych odpowiedzi
Twoja historia wyników
Nie rozwiązałeś tego quizu